Approximation algorithms (Record no. 4827)

MARC details
000 -LEADER
fixed length control field 00687cam a22002894a 4500
001 - CONTROL NUMBER
control field
003 - CONTROL NUMBER IDENTIFIER
control field OSt
005 - DATE AND TIME OF LATEST TRANSACTION
control field 20220107122805.0
008 - FIXED-LENGTH DATA ELEMENTS--GENERAL INFORMATION
fixed length control field 010605s2001 gw b 001 0 eng
010 ## - LIBRARY OF CONGRESS CONTROL NUMBER
LC control number
020 ## - INTERNATIONAL STANDARD BOOK NUMBER
International Standard Book Number 9788181283856
040 ## - CATALOGING SOURCE
Original cataloging agency
Transcribing agency IIITMK
Modifying agency
042 ## - AUTHENTICATION CODE
Authentication code
050 00 - LIBRARY OF CONGRESS CALL NUMBER
Classification number
Item number
082 00 - DEWEY DECIMAL CLASSIFICATION NUMBER
Classification number 005.12028 VAZ/A
Edition number
100 1# - MAIN ENTRY--PERSONAL NAME
Personal name Vazirani, Vijay V.
9 (RLIN) 7755
245 10 - TITLE STATEMENT
Title Approximation algorithms
Statement of responsibility, etc. Vijay V. Vazirani.
260 ## - PUBLICATION, DISTRIBUTION, ETC.
Place of publication, distribution, etc. New York,
Name of publisher, distributor, etc. Springer,
Date of publication, distribution, etc. 2003.
300 ## - PHYSICAL DESCRIPTION
Extent xix, 380 p.
Other physical details
504 ## - BIBLIOGRAPHY, ETC. NOTE
Bibliography, etc. note
650 #0 - SUBJECT ADDED ENTRY--TOPICAL TERM
Topical term or geographic name entry element COMPUTER ALGORITHMS
9 (RLIN) 7756
650 #0 - SUBJECT ADDED ENTRY--TOPICAL TERM
Topical term or geographic name entry element MATHEMATICAL OPTIMIZATION
9 (RLIN) 7757
856 42 - ELECTRONIC LOCATION AND ACCESS
Materials specified
856 41 - ELECTRONIC LOCATION AND ACCESS
Materials specified
942 ## - ADDED ENTRY ELEMENTS (KOHA)
Source of classification or shelving scheme Dewey Decimal Classification
Koha item type Books
Holdings
Withdrawn status Lost status Source of classification or shelving scheme Damaged status Not for loan Collection code Home library Current library Shelving location Date acquired Cost, normal purchase price Total Checkouts Full call number Barcode Date last seen Date last checked out Price effective from Koha item type
    Dewey Decimal Classification       Kerala University of Digital Sciences, Innovation and Technology Knowledge Centre Kerala University of Digital Sciences, Innovation and Technology Knowledge Centre Computer Science 15/09/2015 413.00 1 005.12028 VAZ/A 4249 03/12/2020 03/02/2016 15/09/2015 Books